[Event "Titled Tue 23rd May Late"]
[Site "chess.com INT"]
[Date "2023.05.23"]
[Round "3"]
[White "Nakamura, Hi"]
[Black "Paichadze, L."]
[Result "1-0"]
[WhiteElo "2775"]
[BlackElo "2513"]
[PlyCount "99"]
[EventDate "2023.05.23"]

1. Nf3 Nf6 2. b3 e6 ({RR} 2... a5 3. a4 d5 4. Bb2 Bf5 5. g3 e6 6. Bg2 Be7 7. O-O O-O 8. d3 Nbd7 9. Nbd2 Nc5 10. Re1 h6 11. Ne5 c6 12. e4 Bh7 13. Qe2 Qb6 14. Rad1 Rad8 15. Ng4 Nxg4 16. Qxg4 Bg6 17. h4 {Larsen,K (2270)-Fluvia Poyatos,J (2445) Barbera del Valles 2013 1-0 (48)}) 3. g3 ({RR} 3. e3 b6 4. Bb2 Bb7 5. c4 Nc6 6. Be2 Be7 7. O-O O-O 8. d4 d5 9. Nbd2 a5 10. a3 Bd6 11. Qc2 Re8 12. c5 Bf8 13. Bb5 bxc5 14. dxc5 Nd7 15. Bxc6 Bxc6 16. Nd4 Nb8 17. b4 Qd7 {Uddin,S (1938)-Md. Saiful Islam,C (2130) Dhaka BAN 2024 0-1 (38)}) 3... b5 $146 ({RR} 3... b6 4. Bg2 Bb7 5. O-O c5 6. Bb2 d5 7. d3 Nbd7 8. Nbd2 Be7 9. c4 d4 10. b4 O-O 11. bxc5 bxc5 12. Qa4 Qc7 13. Rab1 Bc6 14. Qa3 Rab8 15. Bxd4 cxd4 16. Qxe7 Rxb1 17. Rxb1 Qa5 18. a3 {Simic,V (2094)-Radojkovic,S (1786) Serbia 2015 1-0}) 4. Na3 b4 5. Nc4 d5 6. Nce5 Bb7 7. a3 bxa3 8. Bxa3 Bxa3 9. Rxa3 Nbd7 10. Qa1 Nxe5 11. Nxe5 O-O 12. Bg2 a6 13. d4 Rc8 14. Ra5 Qd6 15. Nd3 Nd7 16. O-O Qb6 17. Qc3 Rfe8 18. Rfa1 f6 19. e3 Qd6 20. Qd2 Qb6 21. Nc5 Nxc5 22. dxc5 Qc6 23. c4 Rcd8 24. Rd1 Qd7 25. cxd5 exd5 26. Qc2 c6 27. Ra4 Qe7 28. Rb4 Bc8 29. Rdd4 Qc7 30. Rb6 Re5 31. b4 Rde8 32. Qa4 R5e6 33. Bh3 f5 34. Bxf5 Rf6 35. Bxc8 Qxc8 36. Rxa6 Qf5 37. Qa2 Rxe3 38. Rf4 Re1+ 39. Kg2 Qe6 40. Ra8+ Kf7 41. Ra7+ Kg8 42. Ra8+ Kf7 43. Qd2 Re4 44. Ra7+ Kg8 45. Rxf6 Qxf6 46. b5 cxb5 47. Qxd5+ Qe6 48. Qg5 Qe5 49. Qxe5 Rxe5 50. c6 1-0

[Event "Titled Tue 23rd May Late"]
[Site "chess.com INT"]
[Date "2023.05.23"]
[Round "4"]
[White "Nihal, Sarin"]
[Black "Krzyzanowski, M."]
[Result "1-0"]
[WhiteElo "2673"]
[BlackElo "2512"]
[PlyCount "101"]
[EventDate "2023.05.23"]

1. Nf3 Nf6 2. Rg1 d5 3. h3 ({RR} 3. b3 c5 4. Bb2 d4 5. e3 Nc6 6. Bb5 dxe3 7. Bxc6+ bxc6 8. fxe3 c4 9. Nc3 cxb3 10. axb3 g6 11. Ne5 Bg7 12. Qf3 Bb7 13. Ne4 O-O 14. Nc5 Bc8 15. Nxc6 Qc7 16. Be5 Qb6 17. Nxe7+ Kh8 {Aravindh,C (2749)-Gabrielian,A (2419) chess.com INT 2025 1-0}) 3... Nc6 ({RR} 3... c5 4. g4 Nc6 5. g5 Ne4 6. d3 Nd6 7. Nc3 d4 8. Ne4 Nxe4 9. dxe4 g6 10. e3 e5 11. exd4 exd4 12. Bf4 Bg7 13. Qd2 Be6 14. a3 Rc8 15. O-O-O Qb6 16. Bd6 Rd8 17. e5 a6 18. c3 {Weisz,B (2057)-Skramstad,O (1899) chess.com INT 2025 0-1}) 4. d4 g6 $146 ({RR} 4... Bf5 5. g4 Be4 6. Nbd2 Qd6 7. a3 O-O-O 8. c4 e5 9. dxe5 Nxe5 10. Nxe4 Nxe4 11. Qxd5 Nxf3+ 12. exf3 Qh2 13. Rg2 Qh1 14. Qxe4 Bb4+ 15. axb4 Rhe8 16. Qxe8 Rxe8+ 17. Be3 Qxh3 18. Rg3 Qh6 19. O-O-O {Koelle,T (2439)-Simonian,H (2431) chess.com INT 2023 ½-½ (47)}) 5. g4 Bg7 6. Bf4 Ne4 7. c3 O-O 8. Nbd2 Nxd2 9. Qxd2 f6 10. O-O-O e5 11. dxe5 fxe5 12. Bg5 Qe8 13. Qxd5+ Be6 14. Qe4 Bxa2 15. Be3 Na5 16. Bg2 Qb5 17. Nd2 Nb3+ 18. Nxb3 Bxb3 19. Qxb7 Qxb7 20. Bxb7 Bxd1 21. Bxa8 Bxe2 22. Bd5+ Kh8 23. Bxa7 Bh6+ 24. g5 Bg7 25. Be3 Rd8 26. Be4 Kg8 27. Kc2 Kf7 28. Ra1 Bf8 29. Ra7 Bd6 30. b3 Bf1 31. c4 Rd7 32. c5 Bf8 33. c6 Re7 34. Bc5 Re8 35. Rxc7+ Ke6 36. Bxf8 Rxf8 37. f3 Bxh3 38. Rxh7 Bf5 39. b4 Kd6 40. b5 Bxe4+ 41. fxe4 Kc5 42. Rb7 Kc4 43. c7 Rf2+ 44. Kd1 Kd3 45. Ke1 Re2+ 46. Kf1 Rc2 47. b6 Ke3 48. Rb8 Rf2+ 49. Kg1 Rc2 50. c8=Q Rxc8 51. Rxc8 1-0

[Event "Titled Tue 23rd May Late"]
[Site "chess.com INT"]
[Date "2023.05.23"]
[Round "7"]
[White "Grischuk, A."]
[Black "Holt, C."]
[Result "1-0"]
[WhiteElo "2745"]
[BlackElo "2540"]
[PlyCount "83"]
[EventDate "2023.05.23"]

1. Nf3 d5 2. g3 Bg4 3. Bg2 Nd7 4. h3 Bxf3 5. Bxf3 e6 6. d3 Ngf6 7. Bg2 Bd6 8. e4 O-O 9. O-O c6 10. f4 $146 ({RR} 10. Qe2 Qb6 11. Nd2 Rfe8 12. Kh1 e5 13. Nf3 a5 14. Nh4 a4 15. a3 Bf8 16. Nf5 Qb5 17. Re1 Rad8 18. Qf3 dxe4 19. dxe4 Qc4 20. Re2 Nc5 21. Bg5 Re6 22. Nh6+ gxh6 23. Bxf6 Rxf6 24. Qxf6 Qxe2 {Hansen,E (2629)-Holt,C (2592) Chess.com INT 2018 ½-½ (63)}) ({RR} 10. Qe2 dxe4 11. dxe4 e5 12. Nd2 Nc5 13. Nc4 Bc7 14. Rd1 Qe7 15. Ne3 g6 16. Ng4 Nxg4 17. hxg4 Rad8 18. Be3 Ne6 19. c3 Bb6 20. a4 Kg7 21. a5 Rxd1+ 22. Rxd1 Bxa5 23. Bxa7 b6 24. b4 Qxa7 {Sai,H (2162)-Korchmar,V (2429) chess.com INT 2024 0-1 (36)}) 10... dxe4 11. dxe4 Bc5+ 12. Kh1 e5 13. f5 Qe7 14. Qe2 Rfd8 15. Nd2 a5 16. a4 Ba7 17. Nc4 Nc5 18. b3 Ncd7 19. c3 Nc5 20. Ba3 Qc7 21. Qc2 b5 22. axb5 cxb5 23. Nxa5 Nd3 24. b4 Rac8 25. Kh2 h5 26. Rfd1 Qxc3 27. Qxc3 Rxc3 28. Bb2 Rc2 29. Bxe5 Nxe4 30. Nb7 Re8 31. Rxd3 Rxe5 32. Rxa7 Ng5 33. Ra1 Ree2 34. Rg1 Rb2 35. Nc5 Rf2 36. h4 Nf3+ 37. Rxf3 Rxf3 38. Kh3 Rxf5 39. Re1 g6 40. Nd3 Rd2 41. Be4 Rf6 42. Nf4 1-0

[Event "Titled Tue 23rd May Late"]
[Site "chess.com INT"]
[Date "2023.05.23"]
[Round "10"]
[White "Bachmann, Ax"]
[Black "Sarana, A."]
[Result "1-0"]
[WhiteElo "2604"]
[BlackElo "2685"]
[PlyCount "81"]
[EventDate "2023.05.23"]

1. Nf3 d5 2. e3 Nf6 3. c4 e6 4. b3 Bd6 5. Bb2 O-O 6. Nc3 Re8 7. d4 b6 8. Rc1 a6 9. cxd5 exd5 10. g3 Nbd7 11. Bg2 Bb7 12. O-O Qe7 13. Re1 Rad8 14. Re2 h5 $146 ({RR} 14... Nf8 15. Rec2 Ng6 16. Ne2 Ne4 17. Ne5 f6 18. Nc6 Bxc6 19. Rxc6 Qd7 20. Qd3 Ne7 21. R6c2 Qf5 22. Nf4 g5 23. Bh3 g4 24. Bg2 Ng6 25. Qxa6 Nxf4 26. exf4 h5 27. Qb5 h4 28. a4 h3 29. Bf1 {Shchekachev,A (2510)-Petrosyan,M (2609) Santiago de Compostela ESP 2022 1-0 (53)}) 15. Rec2 Ng4 16. Qd3 Ndf6 17. h3 Nh6 18. Ne2 Ne4 19. Nd2 Nf5 20. Nf4 g6 21. Nxe4 dxe4 22. Qc4 h4 23. Nxg6 Qg5 24. Nxh4 Nxh4 25. gxh4 Qxh4 26. Qe2 f5 27. Rxc7 Bxc7 28. Rxc7 Re7 29. Rxe7 Qxe7 30. Qh5 Bd5 31. Qxf5 Kg7 32. Ba3 Qf6 33. Bxe4 Bxe4 34. Qxe4 Rg8 35. Kf1 Kf7 36. Qd5+ Kg7 37. Bd6 Qg6 38. Be5+ Kh7 39. Qb7+ Kh6 40. Bf4+ Kh5 41. Qf3+ 1-0

[Event "2nd Hua Yi Cup CHN Rapid"]
[Site "Shaoxing CHN"]
[Date "2023.05.29"]
[Round "2.2"]
[White "Bu Xiangzhi"]
[Black "Xu, Yinglun"]
[Result "1-0"]
[WhiteElo "2694"]
[BlackElo "2549"]
[PlyCount "117"]
[EventDate "2023.05.29"]
[EventType "k.o."]

1. Nf3 d5 2. g3 Bg4 3. Bg2 c6 4. h3 Bxf3 5. Bxf3 e5 6. d3 Nf6 7. Bg2 Bc5 8. O-O Nbd7 9. Nd2 O-O 10. e3 a5 11. a4 Re8 12. Kh1 $146 ({RR} 12. b3 Qc7 13. Bb2 Rad8 14. Re1 Bb4 15. c3 Bf8 16. Qc2 Qb6 17. Rad1 Nc5 18. d4 exd4 19. exd4 Nce4 20. Nxe4 Nxe4 21. Re2 Nf6 22. Rde1 Rxe2 23. Rxe2 g6 24. Bf3 Bg7 25. Ba3 Re8 26. Rxe8+ Nxe8 {Demidov,M (2514)-Lysyj,I (2631) Cheliabinsk 2018 ½-½ (36)}) 12... Qc7 13. b3 Rad8 14. Bb2 Ba7 15. Qe2 Nc5 16. Nf3 d4 17. e4 b5 18. axb5 cxb5 19. Nh4 a4 20. f4 axb3 21. fxe5 Rxe5 22. Nf5 Na4 23. cxb3 Nxb2 24. Qxb2 Bb8 25. Rac1 Qb6 26. Qf2 Re6 27. g4 h6 28. Qh4 Be5 29. g5 hxg5 30. Qxg5 Nh7 31. Nh6+ Rxh6 32. Qxe5 Re6 33. Qc7 Qxc7 34. Rxc7 Nf6 35. Rf5 Ne8 36. Ra7 Rf6 37. Rxb5 Rf2 38. Rf5 Rxf5 39. exf5 Nf6 40. b4 Rb8 41. Ra8 Rxa8 42. Bxa8 Kf8 43. Kg2 Ke7 44. Kf3 Kd6 45. Kf4 Nh5+ 46. Kg5 Nf6 47. Kf4 Nh5+ 48. Ke4 Ng3+ 49. Kxd4 Nxf5+ 50. Ke4 Ng3+ 51. Kf4 Ne2+ 52. Ke3 Ng3 53. d4 g5 54. Be4 f5 55. Bd3 Ke6 56. b5 Kd5 57. Kf3 Nh5 58. Bxf5 Nf6 59. Ke3 1-0

[Event "IV Coop Saaremaa Rapid"]
[Site "Kuressaare EST"]
[Date "2023.06.04"]
[Round "9.5"]
[White "Kazakouski, Valery"]
[Black "Fridman, D."]
[Result "1-0"]
[WhiteElo "2524"]
[BlackElo "2574"]
[PlyCount "98"]
[EventDate "2023.06.03"]
[EventType "rapid"]

1. Nf3 d5 2. c4 d4 3. b4 g5 4. g3 ({RR} 4. h3 Bg7 5. d3 h6 6. g3 e5 7. Bg2 Ne7 8. g4 Be6 9. a4 Nd7 10. Ba3 Ng6 11. Nbd2 Nf4 12. Bf1 h5 13. Rg1 hxg4 14. hxg4 a5 15. b5 c5 16. bxc6 bxc6 17. Ne4 Bf8 18. Nfxg5 Bxa3 {Shapiro,D (2702)-Szpar,M (2923) Chess.com 2024 0-1 (39)}) ({RR} 4. Qb3 g4 5. Nxd4 Bg7 6. e3 a5 7. b5 Nd7 8. Bb2 Nc5 9. Qc2 Nf6 10. Nc3 Qd7 11. Be2 e5 12. Nb3 b6 13. Nxc5 bxc5 14. Ba3 Bb7 15. O-O h5 16. Bxc5 h4 17. f3 O-O-O 18. Rad1 h3 {Kazakouski,V (2603)-Rogov,M (2191) chess.com INT 2024 1-0 (55)}) 4... g4 5. Nh4 Bg7 6. d3 e5 $146 ({RR} 6... Bf6 7. Nd2 Bxh4 8. gxh4 e5 9. Ne4 Qxh4 10. Qa4+ Kf8 11. Bg5 Qh5 12. Qa5 Nc6 13. Qxc7 f5 14. Nd6 h6 15. Bd2 Nce7 16. Nxc8 Rxc8 17. Qxe5 Rh7 18. Qxd4 Nc6 19. Qd6+ Nge7 20. Bg2 Rd8 21. Qf6+ {Narayanan,S (2662)-Cabarkapa,N (2461) Chess.com INT 2022 1-0 (71)}) ({RR} 6... c5 7. Bg2 e5 8. Nd2 Nf6 9. bxc5 Nc6 10. O-O O-O 11. Rb1 Qe7 12. Qa4 Re8 13. Bxc6 bxc6 14. Qxc6 Bd7 15. Qd6 Bf8 16. Qxe7 Bxe7 17. Nb3 a5 18. Bg5 Kg7 19. c6 Be6 20. f4 h6 21. Bxf6+ {Mekhitarian,K (2564)-Rasulov,V (2505) chess.com INT 2025 ½-½ (62)}) 7. Bg2 Ne7 8. h3 h5 9. Nd2 a5 10. b5 Nd7 11. Ba3 Nf8 12. b6 gxh3 13. bxc7 Qxc7 14. Bxh3 Bxh3 15. Rxh3 Qd7 16. Rh1 f5 17. Qb3 Nc6 18. Rb1 Rb8 19. c5 Bf6 20. Nc4 Qe6 21. Nxf5 Kf7 22. Ncd6+ Kg6 23. Nh4+ Bxh4 24. Rxh4 Qxb3 25. Rxb3 Nd7 26. Nxb7 Nf6 27. Rb6 Rhc8 28. Nd6 Rxb6 29. cxb6 Rb8 30. b7 Nd7 31. f4 exf4 32. Rxf4 Nd8 33. Rxd4 Nxb7 34. Nxb7 Rxb7 35. Rd5 a4 36. Rd4 Rb1+ 37. Kf2 Nf6 38. Rxa4 Ng4+ 39. Kg2 Re1 40. Re4 Ra1 41. Bd6 Rxa2 42. Bf4 Rc2 43. Re6+ Kf5 44. Re8 Ra2 45. Kf3 Nh2+ 46. Ke3 Ng4+ 47. Kd4 h4 48. Rf8+ Nf6 49. gxh4 Ra4+ 1-0

[Event "Titled Tue 30th May Late"]
[Site "chess.com INT"]
[Date "2023.05.30"]
[Round "4"]
[White "Muradli, Mahammad"]
[Black "Kourkoulos Arditis, Stamatis"]
[Result "1-0"]
[WhiteElo "2531"]
[BlackElo "2539"]
[PlyCount "139"]
[EventDate "2023.05.30"]

1. Nf3 d6 2. d4 Nf6 3. b3 Nbd7 4. Bb2 c6 5. c4 Qc7 6. g3 e5 7. Bg2 Be7 8. O-O O-O 9. Nc3 $146 ({RR} 9. Qc2 Re8 10. Nbd2 exd4 11. Nxd4 a5 12. Rad1 Bf8 13. e3 Nc5 14. h3 Bd7 15. a3 Qb6 16. Bc3 Qd8 17. e4 g6 18. Rfe1 Bg7 19. Nf1 Qc7 20. Kh2 h5 21. Kg1 {½-½ (21) Nun,J (2320)-Hadzala,D Czech Republic 1999}) 9... Re8 10. e4 Bf8 11. Re1 exd4 12. Nxd4 Nc5 13. Qc2 a5 14. Rad1 Bg4 15. f3 Be6 16. h3 Qb6 17. Bc1 a4 18. Be3 axb3 19. axb3 Qb4 20. Kh2 Ra3 21. Na2 Qa5 22. b4 Qa6 23. Nc1 Ncd7 24. b5 Qa8 25. f4 Nc5 26. bxc6 bxc6 27. e5 dxe5 28. fxe5 Nfd7 29. Nxc6 Qa6 30. Bd5 Nb3 31. Qf2 Nxc1 32. Bxe6 fxe6 33. Rxd7 Ra2 34. Bd2 Qxc6 35. Qf7+ Kh8 36. Rxc1 h6 37. Rf1 Rea8 38. Rf2 Qe4 39. Qf4 Qxf4 40. gxf4 Bc5 41. Rg2 Bf8 42. Be1 Rxg2+ 43. Kxg2 Rc8 44. Rd4 Bc5 45. Rd1 Be3 46. Kf3 Bc5 47. Rc1 Ra8 48. Rc2 Kh7 49. Bf2 Ra3+ 50. Kg2 Be7 51. c5 Bd8 52. c6 Bc7 53. Bc5 Rd3 54. Bf2 Kg6 55. Kf1 Kf5 56. Ke2 Ra3 57. Bc5 Ra8 58. Bd6 Rc8 59. Ke3 Bb6+ 60. Kd3 Kxf4 61. c7 g5 62. Rc6 Bf2 63. Rc4+ Kf3 64. Rb4 h5 65. Rb8 Rxc7 66. Bxc7 Bg3 67. Rf8+ Bf4 68. Bd8 g4 69. Bg5 gxh3 70. Bxf4 1-0

[Event "Titled Tue 30th May Late"]
[Site "chess.com INT"]
[Date "2023.05.30"]
[Round "9"]
[White "Henriquez Villagra, C."]
[Black "Bortnyk, Olexandr"]
[Result "1-0"]
[WhiteElo "2616"]
[BlackElo "2605"]
[PlyCount "93"]
[EventDate "2023.05.30"]

1. Nf3 Nf6 2. g3 b6 3. Bg2 Bb7 4. O-O g6 5. d3 Bg7 6. e4 O-O 7. c4 d6 8. Nc3 c5 9. Re1 ({RR} 9. h3 Nbd7 10. Be3 Rc8 11. Nh4 Bc6 12. f4 a6 13. a4 Ne8 14. g4 Nc7 15. f5 b5 16. axb5 axb5 17. g5 b4 18. Nd5 Bxd5 19. exd5 Bxb2 20. Rb1 Bc3 21. Be4 Kg7 22. Ng2 Ra8 23. h4 Ra2 {Wei,Y (2736)-Praggnanandhaa,R (2536) Chess.com INT 2019 1-0 (39)}) 9... e5 10. a3 ({RR} 10. Nh4 Nbd7 11. f4 Ne8 12. f5 Bf6 13. fxg6 fxg6 14. Bh6 Bg7 15. Be3 Bf6 16. Bh3 Ng7 17. Qd2 Qe7 18. Bh6 Rad8 19. Ng2 Rf7 20. Nd5 Bxd5 21. cxd5 Nf8 22. Rf1 Nh5 23. Bg4 Ng7 24. Rf2 Nd7 {Lagrotteria,S (1979)-De Reymaeker,W (1788) Arco ITA 2023 1-0 (53)}) 10... Nc6 11. Rb1 $146 ({RR} 11. Nd5 Nxd5 12. exd5 Ne7 13. Rb1 a5 14. Bg5 f6 15. Bd2 h6 16. b4 axb4 17. axb4 Bc8 18. Ra1 Rxa1 19. Qxa1 f5 20. Qa7 Rf7 21. Qb8 g5 22. bxc5 bxc5 23. Rb1 Ng6 24. Rb6 Rf6 25. Rc6 Ne7 {Siekierski,P (2015)-Potocki,K (1860) Warsaw 2011 1-0 (33)}) 11... a5 12. Bg5 Nd4 13. Nxd4 cxd4 14. Nd5 Bxd5 15. cxd5 h6 16. Bxf6 Bxf6 17. Rc1 a4 18. Rc6 h5 19. Qd2 b5 20. Bh3 Be7 21. Kg2 Kg7 22. f4 h4 23. fxe5 dxe5 24. Rf1 Bg5 25. Qe2 hxg3 26. hxg3 Ra7 27. Qg4 Be3 28. d6 Qa5 29. d7 Qd2+ 30. Kh1 Bg5 31. Rc8 Rd8 32. Qf3 Rdxd7 33. Bxd7 Rxd7 34. Rf2 Qe3 35. Kg2 Re7 36. Qg4 f6 37. Rd8 Qxd3 38. Rd7 Kf7 39. Qxg5 Qxe4+ 40. Kh2 Qc6 41. Rxe7+ Kxe7 42. Qxg6 Qe6 43. Qg7+ Qf7 44. Qxf7+ Kxf7 45. g4 Ke6 46. Kg3 d3 47. Kf3 1-0

[Event "TCh-FRA Top 16 GpA 2023"]
[Site "Chartres FRA"]
[Date "2023.06.03"]
[Round "3.4"]
[White "Korobov, A."]
[Black "Ter Sahakyan, S."]
[Result "1-0"]
[WhiteElo "2664"]
[BlackElo "2617"]
[PlyCount "93"]
[EventDate "2023.06.01"]
[WhiteTeam "Echiquier Chalonnais"]
[BlackTeam "Lyon Olympique Echecs"]

1. Nf3 d5 2. g3 g6 3. Bg2 Bg7 4. O-O e5 5. d3 Nc6 6. Nc3 Nge7 7. e4 O-O 8. exd5 Nxd5 9. Nxd5 Qxd5 10. Re1 Qd7 $146 ({RR} 10... Qd6 11. Nd2 Be6 12. Ne4 Qe7 13. Bg5 f6 14. Be3 Qf7 15. b4 Rad8 16. b5 Nd4 17. Bxd4 Rxd4 18. Nc5 b6 19. Nxe6 Qxe6 20. c3 Rd6 21. Qa4 Qd7 22. Bc6 Qd8 23. Rad1 f5 24. c4 Kh8 25. Bd5 {Rastbod,A (2270)-Danesharaste,A (2049) Rasht IRI 2024 ½-½ (80)}) 11. a4 a5 12. c3 h6 13. Be3 Qd6 14. Qb3 Be6 15. Qb5 b6 16. d4 exd4 17. Bf4 Qc5 18. Nxd4 Nxd4 19. Qxc5 bxc5 20. Bxa8 Rxa8 21. cxd4 Bxd4 22. Bxc7 Bxb2 23. Rab1 Bc3 24. Red1 Bb4 25. Rd8+ Rxd8 26. Bxd8 c4 27. Bf6 g5 28. Rc1 Kh7 29. Bc3 Kg6 30. f3 Kf5 31. Kf2 Bxc3 32. Rxc3 Ke5 33. Ke3 Kd5 34. Rc2 Kc5 35. Rb2 Bd7 36. Rb7 Bxa4 37. Rxf7 c3 38. f4 gxf4+ 39. gxf4 Bb3 40. Rc7+ Kb4 41. f5 a4 42. f6 a3 43. Rb7+ Ka4 44. f7 Bxf7 45. Rxf7 a2 46. Kd3 Ka3 47. Kc2 1-0

[Event "11th Norway Armageddon"]
[Site "Stavanger NOR"]
[Date "2023.06.06"]
[Round "7.4"]
[White "Nakamura, Hi"]
[Black "Mamedyarov, S."]
[Result "1-0"]
[WhiteElo "2775"]
[BlackElo "2738"]
[PlyCount "136"]
[EventDate "2023.05.30"]

1. Nf3 d5 2. b3 c5 3. e3 Nf6 4. Bb2 g6 5. Bxf6 exf6 6. c3 ({RR} 6. d4 Nc6 7. Be2 cxd4 8. Nxd4 Bc5 9. O-O O-O 10. c3 h5 11. Nd2 Nxd4 12. exd4 Ba3 13. Qc2 a5 14. Rad1 Kg7 15. Rfe1 Bf5 16. Bd3 Bg4 17. Be2 Bd7 18. Nf1 Bf5 19. Bd3 Bg4 20. Be2 Bf5 {Drygalov,A (2457)-Yeletsky,I (2469) St Petersburg RUS 2024 ½-½ (73)}) 6... Bg7 ({RR} 6... Nc6 7. d4 b6 8. Bb5 Bb7 9. O-O a6 10. Bd3 Bd6 11. Re1 O-O 12. g3 Qc7 13. Bf1 Rad8 14. a3 h5 15. Bg2 Ne7 16. Nbd2 Nf5 17. b4 Kg7 18. Rc1 Rfe8 19. bxc5 bxc5 20. c4 dxc4 21. Nxc4 {Nakamura,H (2786)-Caruana,F (2802) Chess.com INT 2017 ½-½ (73)}) ({RR} 6... Nc6 7. d4 cxd4 8. Nxd4 f5 9. g3 Bg7 10. Ne2 O-O 11. Bg2 Be6 12. O-O Qa5 13. b4 Qc7 14. Nd2 Rad8 15. Nf3 Rfe8 16. Qd2 Ne7 17. Rac1 Nc8 18. Nf4 Nd6 19. Nd4 Nc4 20. Qe2 Be5 21. Rfd1 {Nakamura,H (2787)-Martinez Alcantara,J (2619) chess.com INT 2023 1-0 (59)}) 7. d4 Qe7 $146 ({RR} 7... b6 8. Bb5+ Bd7 9. a4 O-O 10. O-O Bg4 11. Nbd2 f5 12. Qc1 a6 13. Be2 Nd7 14. Ra2 Nf6 15. c4 Ne4 16. cxd5 cxd4 17. exd4 Qxd5 18. Bc4 Qd6 19. Nxe4 fxe4 20. Ng5 Bf5 21. Re1 Qxd4 22. Rae2 {Ristic,L (2162)-Stevanovic,V (2290) Belgrade 2013 ½-½ (60)}) 8. g3 O-O 9. Bg2 Rd8 10. O-O b6 11. Ne1 Nc6 12. Nd3 Bf5 13. Nf4 Be4 14. Bh3 Bh6 15. Ne2 Bf3 16. Re1 cxd4 17. cxd4 Bxe3 18. fxe3 Qxe3+ 19. Kf1 Re8 20. Nd2 Bxe2+ 21. Qxe2 Qh6 22. Qg2 Nxd4 23. Bg4 Nc2 24. Bf3 Ne3+ 25. Rxe3 Qxe3 26. Qf2 Rac8 27. Qxe3 Rxe3 28. Kf2 Rec3 29. a4 Rc2 30. Ke3 d4+ 31. Kd3 R8c3+ 32. Kxd4 Rc7 33. Nf1 Rd7+ 34. Bd5 f5 35. Rd1 Kg7 36. h4 Re2 37. Ne3 Rb2 38. Rd3 h5 39. Kc4 Rf2 40. Rd4 Re2 41. Rd3 Rf2 42. Rd4 Re2 43. Nd1 Rc2+ 44. Kd3 Rh2 45. Ke3 Re7+ 46. Kf4 Rd7 47. b4 Re2 48. Kf3 Re1 49. Kf2 Re4 50. Rxe4 fxe4 51. Nc3 f5 52. Ke3 Kf6 53. Kd4 g5 54. a5 gxh4 55. gxh4 bxa5 56. bxa5 a6 57. Ne2 Rg7 58. Bc4 Rd7+ 59. Bd5 Rg7 60. Bc6 Rg4 61. Bb7 Rxh4 62. Bxa6 e3+ 63. Kc5 f4 64. Bb7 Rh2 65. Bf3 Rf2 66. a6 Rxf3 67. a7 Rf2 68. Nc3 Ra2 1-0

[Event "AimChess Rapid Play-In"]
[Site "chess.com INT"]
[Date "2023.06.12"]
[Round "2.20"]
[White "Meier, Geo"]
[Black "Kevlishvili, Robby"]
[Result "1-0"]
[WhiteElo "2629"]
[BlackElo "2539"]
[PlyCount "143"]
[EventDate "2023.06.12"]
[EventType "rapid"]

1. Nf3 d5 2. g3 Bg4 3. Bg2 c6 4. h3 Bxf3 5. Bxf3 e6 ({RR} 5... e5 6. d3 Nf6 7. Nd2 Nbd7 8. Bg2 Bc5 9. e4 O-O 10. O-O dxe4 11. dxe4 a5 12. a4 Qe7 13. Qe2 Rfd8 14. Nc4 Nf8 15. Bd2 Bb4 16. c3 Bc5 17. Rab1 N6d7 18. b4 axb4 19. cxb4 Bd4 20. a5 {Harikrishna,P (2737)-Inarkiev,E (2660) Berlin 2015 1-0 (37)}) 6. O-O ({RR} 6. Bg2 Bd6 7. d3 Nd7 8. e4 Ne7 9. O-O O-O 10. Nc3 Re8 11. d4 b5 12. h4 Qb6 13. a4 b4 14. a5 Qa6 15. Ne2 Rab8 16. Nf4 Rb5 17. Qe2 Nb8 18. Bd2 Bc7 19. Rfd1 Qb7 20. Nh5 Kh8 {Chelushkina,I (2134)-Vujovic,V (2174) Belgrade SRB 2025 1-0 (45)}) 6... Nd7 7. d3 Bd6 8. Bg2 $146 ({RR} 8. e4 Ne7 9. Re1 O-O 10. Bg2 Re8 11. c4 dxc4 12. dxc4 Bc7 13. Qc2 e5 14. c5 Nf8 15. Rd1 Qc8 16. Be3 Rd8 17. Na3 Qe6 18. Nc4 Rxd1+ 19. Rxd1 Rd8 20. Bf1 Rxd1 21. Qxd1 Qd7 22. Qa4 a6 {Rastbod,A (2256)-Urbina Perez,J (2266) chess.com INT 2023 1-0}) 8... Ne7 9. c4 O-O 10. Nd2 a5 11. Qc2 Rc8 12. b3 b5 13. Bb2 Be5 14. d4 Bb8 15. e4 bxc4 16. bxc4 c5 17. exd5 exd5 18. cxd5 cxd4 19. Qe4 Nf6 20. Qxd4 Nexd5 21. Rfd1 Nb4 22. Nf1 Qxd4 23. Bxd4 Nc2 24. Bxf6 gxf6 25. Rab1 Be5 26. Rb7 Rb8 27. Rdd7 Rxb7 28. Bxb7 a4 29. Be4 Rc8 30. Bd5 Rf8 31. Ra7 a3 32. Bb3 Nd4 33. Rxa3 Nxb3 34. axb3 Rb8 35. Ne3 Bd6 36. Ra6 Bf8 37. Nd5 Rxb3 38. Nxf6+ Kg7 39. Nh5+ Kg8 40. Kg2 Rb8 41. Rc6 Rd8 42. g4 Be7 43. Ng3 Ra8 44. Nf5 Bf8 45. h4 Rb8 46. h5 Ra8 47. Kg3 Ra3+ 48. f3 Ra8 49. g5 Rb8 50. Kg4 Rb4+ 51. f4 Rb8 52. h6 Ra8 53. Rc7 Rb8 54. Rd7 Ra8 55. Ng3 Re8 56. Kf5 Be7 57. Rb7 Kf8 58. Kg4 Kg8 59. Nf5 Bf8 60. Rd7 Ba3 61. Kf3 Bf8 62. Ne3 Bc5 63. Nd5 Bd4 64. Nc7 Re3+ 65. Kg4 f5+ 66. Kxf5 Bb2 67. Nd5 Rf3 68. Rc7 Kf8 69. Rxh7 Bc1 70. Rd7 Ke8 71. Nf6+ Kf8 72. Kg6 1-0

[Event "AimChess Rapid Play-In"]
[Site "chess.com INT"]
[Date "2023.06.12"]
[Round "2.79"]
[White "Kaidanov, G."]
[Black "Fier, A."]
[Result "1-0"]
[WhiteElo "2563"]
[BlackElo "2604"]
[PlyCount "55"]
[EventDate "2023.06.12"]
[EventType "rapid"]

1. Nf3 d5 2. g3 g6 3. c4 dxc4 4. Qa4+ Nc6 5. Qxc4 Bg7 6. Bg2 e5 7. Ng5 Nh6 8. Bxc6+ ({RR} 8. O-O O-O 9. d3 Nf5 10. Nc3 h6 11. Nge4 Ncd4 12. e3 Be6 13. Qa4 Bd7 14. Qd1 Ne6 15. b4 Nd6 16. Nxd6 cxd6 17. Ba3 Bc6 18. b5 Bxg2 19. Kxg2 Qd7 20. Ne4 Qxb5 21. Nxd6 Qa6 22. Qb3 {½-½ (22) Iermito,S (2500)-Jerez Perez,A (2318) Barcelona ESP 2025}) 8... bxc6 9. Qxc6+ Bd7 10. Qg2 O-O $146 ({RR} 10... Nf5 11. d3 Nd4 12. Na3 O-O 13. f3 f5 14. O-O h6 15. Nh3 f4 16. g4 h5 17. Nf2 Nxe2+ 18. Kh1 Qh4 19. Ne4 Ng3+ 20. Nxg3 fxg3 21. Qxg3 Qxg3 22. hxg3 hxg4 23. Be3 gxf3 24. Rac1 Bf5 25. Rc3 {Nagy,G (2472)-Volokitin,A (2623) Austria 2018 0-1 (32)}) 11. d3 f6 12. Qd5+ Nf7 13. Nxf7 Rxf7 14. O-O Qe8 15. Nc3 Bc6 16. Qc4 Bb7 17. e4 f5 18. f3 f4 19. gxf4 Kh8 20. fxe5 Bxe5 21. f4 Bg7 22. Be3 Rd8 23. Rad1 Rfd7 24. f5 gxf5 25. Rxf5 Qg6+ 26. Rg5 Qh6 27. Rg3 Ba6 28. Bxh6 1-0

[Event "AimChess Rapid Play-In"]
[Site "chess.com INT"]
[Date "2023.06.12"]
[Round "3.63"]
[White "Terry, R."]
[Black "Kozak, Adam"]
[Result "1-0"]
[WhiteElo "2520"]
[BlackElo "2571"]
[PlyCount "161"]
[EventDate "2023.06.12"]
[EventType "rapid"]

1. Nf3 c5 2. b3 d6 3. c4 e5 4. Nc3 g6 5. e3 Bg7 6. Bb2 Nc6 7. Be2 e4 $146 ({RR} 7... Nge7 8. O-O O-O 9. Rc1 Rb8 10. a3 a6 11. Qc2 Bf5 12. Bd3 Bg4 13. Be2 h6 14. Nd5 b5 15. Ba1 Nxd5 16. cxd5 Ne7 17. d4 cxd4 18. exd4 Rc8 19. Qb1 Nxd5 20. Rxc8 Qxc8 21. dxe5 Nf4 22. Re1 {Root,D (2360)-Tarjan,J (2535) Saratoga Springs 1980 0-1 (39)}) 8. Ng1 Nge7 9. h4 O-O 10. Qb1 f5 11. Nh3 Ne5 12. Nf4 h6 13. Qc2 a6 14. f3 b5 15. Ncd5 bxc4 16. bxc4 Nxd5 17. cxd5 Rb8 18. Bc3 Bf6 19. Kf1 Kh7 20. Rd1 Bxh4 21. Bxe5 dxe5 22. Ne6 Bxe6 23. dxe6 exf3 24. gxf3 Be7 25. Bc4 h5 26. Ke2 Qd6 27. Rb1 h4 28. Rb3 Rb4 29. Rd3 Qc6 30. Rd7 Re8 31. Rxh4+ Kg7 32. a3 Rb7 33. Rxb7 Qxb7 34. Rh1 Qc6 35. Qb2 Bf6 36. Rb1 Re7 37. Qb6 Qa4 38. Qb3 Qc6 39. Bd5 Qd6 40. Qc4 a5 41. Rb5 Rc7 42. Rxa5 e4 43. f4 g5 44. Ra6 Qe7 45. fxg5 Be5 46. Rc6 Rxc6 47. Bxc6 Qxg5 48. Kd1 Qe7 49. Kc2 Kf6 50. Bd5 Qc7 51. Qb5 Qb8 52. a4 Qxb5 53. axb5 Bc7 54. Kb3 Ba5 55. Kc2 Ke7 56. d3 Kd6 57. Bc4 Bb6 58. Kd2 Ba5+ 59. Ke2 Bb6 60. Bb3 Ke7 61. Bc4 Ba5 62. dxe4 fxe4 63. Kf2 Kf6 64. Kg3 Bc7+ 65. Kg4 Bb8 66. b6 Bd6 67. b7 Bb8 68. Kh3 Bc7 69. Kg2 Ke7 70. Kf2 Bb8 71. Ke2 Bg3 72. Kd2 Be5 73. Kc2 Kd8 74. Bd5 Ke7 75. Kb3 Bb8 76. Kc4 Kd6 77. Kb5 Bc7 78. Ka6 Bb8 79. Kb6 Bc7+ 80. Ka7 Kxd5 81. e7 1-0